[Event "46th Bosna it"]
[Site "Sarajevo BIH"]
[Date "2016.05.30"]
[Round "4.38"]
[White "Strinic, Hamdija"]
[Black "Zlobec, Srdjan"]
[Result "0-1"]
[WhiteElo "1689"]
[BlackElo "2062"]
[EventDate "2016.05.28"]
[PlyCount "80"]

1.c4 Nf6 2.Nc3 g6 3.d4 Bg7 4.Nf3 O-O 5.Bg5 d6 6.e3 c5 7.Qd2 Nc6 8.d5 Na5 
9.Bd3 a6 10.h3 Rb8 11.O-O Bd7 12.Rab1 b5 13.b3 Qc7 14.Rfc1 bxc4 15.bxc4 
Rb4 16.Rxb4 cxb4 17.Ne2 Rb8 18.Ned4 Ba4 19.e4 Nd7 20.Bh6 Bh8 21.Nf5 Nc5 
22.Bb1 Bf6 23.Bg5 gxf5 24.Bxf6 exf6 25.Qh6 Qe7 26.e5 fxe5 27.Bxf5 f6 28.
Re1 Qg7 29.Qh4 Bd7 30.Bc2 f5 31.Re3 f4 32.Re1 Rf8 33.Ng5 Bf5 34.Bxf5 Rxf5 
35.Ne4 Nxe4 36.Qd8+ Rf8 37.Qxa5 f3 38.g4 Nf6 39.Kh1 Qh6 40.Kh2 Nxg4+ 0-1

[Event "46th Bosna it"]
[Site "Sarajevo BIH"]
[Date "2016.05.30"]
[Round "4.39"]
[White "Sejmenovic, Senad"]
[Black "Kozarcanin, Sead"]
[Result "0-1"]
[WhiteElo "1802"]
[BlackElo "2053"]
[EventDate "2016.05.28"]
[PlyCount "70"]

1.d4 d5 2.c4 c6 3.cxd5 cxd5 4.Nc3 Nf6 5.Bg5 Nc6 6.Bxf6 gxf6 7.e3 a6 8.Qb3 
e6 9.a3 Bd7 10.Bd3 Bd6 11.Nf3 b5 12.Qc2 h5 13.e4 dxe4 14.Bxe4 f5 15.Bd3 
Qb6 16.d5 Nd4 17.Nxd4 Qxd4 18.dxe6 fxe6 19.Rd1 Qe5+ 20.Qe2 Ke7 21.Qxe5 
Bxe5 22.Kd2 Bc6 23.f3 Rhg8 24.Bf1 a5 25.Re1 Kf6 26.Ke3 b4 27.axb4 axb4 28.
Nd1 Rad8 29.f4 Bd4+ 30.Ke2 Rg4 31.Nf2 Rxf4 32.Nd3 Re4+ 33.Kd1 Bxb2 34.Kc2 
Bc3 35.Rd1 Ba4+ 0-1

[Event "46th Bosna it"]
[Site "Sarajevo BIH"]
[Date "2016.05.30"]
[Round "4.40"]
[White "Sesar, Ivan"]
[Black "Colpa, Fahrudin"]
[Result "1-0"]
[WhiteElo "2077"]
[BlackElo "1864"]
[EventDate "2016.05.28"]
[PlyCount "80"]

1.e4 Nc6 2.d4 e6 3.c3 g6 4.Bd3 Bg7 5.Ne2 Nge7 6.Be3 d6 7.Qd2 d5 8.e5 Nf5 
9.f4 Qh4+ 10.Bf2 Qd8 11.Na3 Bd7 12.Ng1 Bf8 13.Nc2 a6 14.Nf3 b5 15.g4 Nh6 
16.h3 Be7 17.f5 Ng8 18.f6 Bf8 19.Be3 Rb8 20.b4 a5 21.a3 h6 22.Nh4 Bc8 23.
Qf2 g5 24.Nf3 Bd7 25.h4 gxh4 26.Qxh4 Ra8 27.g5 axb4 28.g6 Nxf6 29.gxf7+ 
Kxf7 30.exf6 Qxf6 31.Rf1 Qxh4+ 32.Nxh4+ Ke8 33.Ng6 Rg8 34.Rxf8+ Rxf8 35.
Nxf8 Kxf8 36.Bxh6+ Kf7 37.cxb4 Rh8 38.Be3 e5 39.O-O-O e4 40.Bxb5 Ke6 1-0

[Event "46th Bosna it"]
[Site "Sarajevo BIH"]
[Date "2016.05.30"]
[Round "4.41"]
[White "Jelen, Darko"]
[Black "Agic, Ahmed"]
[Result "1-0"]
[WhiteElo "2018"]
[BlackElo "1856"]
[EventDate "2016.05.28"]
[PlyCount "99"]

1.e4 e6 2.d4 c6 3.c4 Bb4+ 4.Bd2 Be7 5.Nc3 d6 6.Bd3 Nd7 7.Nge2 c5 8.Be3 
cxd4 9.Nxd4 Nc5 10.O-O Nf6 11.f3 Bd7 12.Bc2 O-O 13.b4 Na6 14.a3 Nc7 15.Qd2
a6 16.Bd3 e5 17.Nde2 b5 18.cxb5 Nxb5 19.Nxb5 Bxb5 20.Bxb5 axb5 21.Nc3 Qd7 
22.Bg5 Rfd8 23.Bxf6 Bxf6 24.Nd5 Qa7+ 25.Kh1 Be7 26.Rac1 Rdc8 27.Qd3 Bf8 
28.Rxc8 Rxc8 29.Qxb5 Qxa3 30.h3 h5 31.Qa5 Qd3 32.Qa1 g5 33.Qb1 Qb5 34.Rc1 
Rb8 35.Qc2 Kg7 36.Qd2 Kg6 37.Kh2 Rb7 38.Qc2 g4 39.fxg4 hxg4 40.hxg4 Bh6 
41.Rb1 Bg5 42.Qf2 f6 43.Qf5+ Kg7 44.Ra1 Bf4+ 45.Nxf4 exf4 46.Qxf4 Qxb4 47.
Rf1 Qc5 48.Qxf6+ Kg8 49.Qf8+ Kh7 50.Rf5 1-0

[Event "46th Bosna it"]
[Site "Sarajevo BIH"]
[Date "2016.05.30"]
[Round "4.42"]
[White "Nestorovic, Katarina"]
[Black "Markovic, Dino"]
[Result "1/2-1/2"]
[WhiteElo "1849"]
[BlackElo "2013"]
[EventDate "2016.05.28"]
[PlyCount "124"]

1.e4 c5 2.Nf3 e6 3.d4 cxd4 4.Nxd4 a6 5.Nc3 d6 6.f4 Nf6 7.Qf3 Nbd7 8.Bd3 
Be7 9.g4 Nc5 10.g5 Nfd7 11.Bd2 b5 12.Nc6 Qc7 13.Nxe7 Kxe7 14.a3 Bb7 15.Qh3
Rac8 16.Rf1 f6 17.Rg1 g6 18.f5 Ne5 19.gxf6+ Kf7 20.O-O-O exf5 21.exf5 
Ncxd3+ 22.cxd3 Bf3 23.Qh6 Rcg8 24.Kb1 Bxd1 25.Rxd1 Qd7 26.Ne4 gxf5 27.Ng5+
Ke8 28.Re1 Kd8 29.d4 Nf7 30.Ne6+ Qxe6 31.Rxe6 Nxh6 32.Bxh6 Rg6 33.Bg7 Rg8 
34.Rxd6+ Kc7 35.Rxa6 Kb7 36.Re6 R8xg7 37.fxg7 Rxg7 38.Re5 Rf7 39.Rxb5+ Ka6
40.Re5 f4 41.Re2 Kb5 42.b3 Kc6 43.Kc2 Kd5 44.Kd3 Rb7 45.Re5+ Kd6 46.b4 Ra7
47.Ra5 Re7 48.Re5 Ra7 49.Ke4 Rxa3 50.Kxf4 Rh3 51.Rc5 Rxh2 52.Ke4 h5 53.b5 
h4 54.Rc6+ Kd7 55.Kd5 Rb2 56.Rh6 Rxb5+ 57.Kc4 Rg5 58.Rxh4 Kc8 59.Rh7 Kd8 
60.d5 Kc8 61.Kc5 Rg6 62.d6 Rg1 1/2-1/2

[Event "46th Bosna it"]
[Site "Sarajevo BIH"]
[Date "2016.05.30"]
[Round "4.43"]
[White "Lapo, Safet"]
[Black "Pestek, Elvis"]
[Result "1/2-1/2"]
[WhiteElo "1781"]
[BlackElo "2003"]
[EventDate "2016.05.28"]
[PlyCount "60"]

1.d4 e6 2.c4 d5 3.Nc3 Nf6 4.Bg5 Be7 5.Nf3 c6 6.e3 Qa5 7.Bxf6 Bxf6 8.Rb1 
O-O 9.b4 Qc7 10.a4 Rd8 11.Qb3 Nd7 12.Be2 Nb6 13.cxd5 exd5 14.O-O Be6 15.
Rfc1 Qe7 16.Ne1 Bf5 17.Ra1 Rac8 18.a5 Nd7 19.Na4 Bxd4 20.exd4 Qxe2 21.Ra2 
Qg4 22.Qf3 Qg6 23.Nc3 a6 24.Qg3 Qf6 25.Nf3 Re8 26.Re2 Be4 27.Rce1 Qg6 28.
Qxg6 hxg6 29.Nxe4 Rxe4 30.Rxe4 dxe4 1/2-1/2

[Event "46th Bosna it"]
[Site "Sarajevo BIH"]
[Date "2016.05.30"]
[Round "4.44"]
[White "Pleh, Semir"]
[Black "Medic, Nevenko"]
[Result "0-1"]
[WhiteElo "1715"]
[BlackElo "2000"]
[EventDate "2016.05.28"]
[PlyCount "82"]

1.d4 d5 2.Nf3 Nf6 3.Ne5 Nbd7 4.Nd3 e6 5.g3 c5 6.dxc5 Nxc5 7.Bg2 Qb6 8.O-O 
Nxd3 9.exd3 Bd7 10.b3 Be7 11.Bb2 O-O 12.Nd2 Rac8 13.Rc1 a5 14.Nf3 Rfd8 15.
Qe2 a4 16.Bd4 Bc5 17.Bxc5 Qxc5 18.c4 Qa3 19.Nd2 b5 20.Ra1 bxc4 21.dxc4 Bc6
22.Rfb1 Rb8 23.Qe5 Qb4 24.Qe2 a3 25.h3 Bb7 26.Qe1 d4 27.Bxb7 Rxb7 28.Rd1 
d3 29.Rac1 Qc5 30.Ne4 Nxe4 31.Qxe4 Rbd7 32.Rd2 Rd4 33.Qe3 e5 34.Rxd3 Qc8 
35.Rcd1 Qc5 36.Rxd4 exd4 37.Qe4 g6 38.Qb7 d3 39.Qe4 d2 40.Qe2 Qd4 41.b4 
Qb2 0-1

[Event "46th Bosna it"]
[Site "Sarajevo BIH"]
[Date "2016.05.30"]
[Round "4.45"]
[White "Jovovic, Milan"]
[Black "Marn, Jan"]
[Result "1-0"]
[WhiteElo "1991"]
[BlackElo "1831"]
[EventDate "2016.05.28"]
[PlyCount "55"]

1.d4 d5 2.Nf3 Nf6 3.c4 e6 4.Nc3 Be7 5.Bg5 h6 6.Bh4 O-O 7.e3 b6 8.Bd3 Bb7 
9.O-O Nbd7 10.Qe2 c5 11.Rfd1 dxc4 12.Bxc4 Ne4 13.Bg3 Nxg3 14.hxg3 Qc7 15.
Rac1 Rac8 16.Ba6 Rfd8 17.d5 Nf6 18.dxe6 fxe6 19.Bc4 Kh7 20.a4 Bc6 21.Nh4 
Bd7 22.Qc2+ Kg8 23.Qf5 Kf7 24.Qg6+ Kf8 25.Nf5 Ne8 26.Rxd7 Rxd7 27.Bxe6 Bf6
28.Qh7 1-0

[Event "46th Bosna it"]
[Site "Sarajevo BIH"]
[Date "2016.05.30"]
[Round "4.46"]
[White "Demic, Aleksandar"]
[Black "Haskovic, Salih"]
[Result "0-1"]
[WhiteElo "1727"]
[BlackElo "1984"]
[EventDate "2016.05.28"]
[PlyCount "98"]

1.e4 Nc6 2.d4 d5 3.e5 Bf5 4.Nf3 e6 5.Bd3 Nge7 6.Bg5 Qd7 7.O-O h6 8.Bxe7 
Nxe7 9.Nh4 Bxd3 10.Qxd3 g5 11.Nf3 Ng6 12.Qb3 c6 13.Nc3 Be7 14.Ne2 O-O 15.
Nd2 f5 16.f4 Kg7 17.Qg3 Rac8 18.Nf3 Qd8 19.Kh1 g4 20.Nd2 h5 21.Qb3 b6 22.
g3 h4 23.Rg1 hxg3 24.Rxg3 Bh4 25.Rg2 Rh8 26.Kg1 Be7 27.Rg3 Bh4 28.Rg2 Be7 
29.Rg3 Rh4 30.Kg2 Qh8 31.Rh1 Kf7 32.Nf1 Rh7 33.Kg1 Bh4 34.Rg2 Be7 35.Rg3 
b5 36.Qd3 a6 37.Ne3 c5 38.c3 cxd4 39.cxd4 Nh4 40.Kf2 Rf8 41.Ng1 Rc8 42.Ne2
Rg8 43.Ng1 Ng6 44.Nxf5 Rxh2+ 45.Rxh2 Qxh2+ 46.Rg2 Qxg2+ 47.Kxg2 Nxf4+ 48.
Kg3 Nxd3 49.Nh6+ Kg7 0-1

[Event "46th Bosna it"]
[Site "Sarajevo BIH"]
[Date "2016.05.30"]
[Round "4.47"]
[White "Bunjo, Adnan"]
[Black "Bajic, Salko"]
[Result "1/2-1/2"]
[WhiteElo "1982"]
[BlackElo "1786"]
[EventDate "2016.05.28"]
[PlyCount "35"]

1.Nf3 Nf6 2.d4 d5 3.Bf4 e6 4.e3 Bd6 5.Bg3 Ne4 6.Bd3 Bxg3 7.hxg3 Nd7 8.Nbd2
f5 9.c4 c6 10.cxd5 cxd5 11.Nh4 Ndf6 12.Ng6 Rg8 13.Ne5 Qe7 14.Bxe4 dxe4 15.
Qb3 g6 16.f3 exf3 17.gxf3 Rg7 18.O-O-O 1/2-1/2

[Event "46th Bosna it"]
[Site "Sarajevo BIH"]
[Date "2016.05.30"]
[Round "4.48"]
[White "Gacic, Uzeir"]
[Black "Dedic, Nedzad"]
[Result "0-1"]
[WhiteElo "1713"]
[BlackElo "1977"]
[EventDate "2016.05.28"]
[PlyCount "36"]

1.e4 e6 2.Nf3 Nc6 3.d4 d5 4.e5 Bb4+ 5.c3 Ba5 6.Be3 f6 7.exf6 Nxf6 8.h3 O-O
9.Bd3 Qe8 10.Qa4 Bb6 11.Nbd2 Nxd4 12.Qxe8 Nxf3+ 13.Nxf3 Rxe8 14.Bf4 e5 15.
Bxe5 Nd7 16.Bxh7+ Kxh7 17.Ng5+ Kg6 18.O-O Kxg5 0-1

[Event "46th Bosna it"]
[Site "Sarajevo BIH"]
[Date "2016.05.30"]
[Round "4.49"]
[White "Halilovic, Fahrudin"]
[Black "Markovic, Rade A"]
[Result "1-0"]
[WhiteElo "1973"]
[BlackElo "1730"]
[EventDate "2016.05.28"]
[PlyCount "44"]

1.e4 e5 2.Nf3 Nc6 3.c3 Nf6 4.d4 Nxe4 5.d5 Bc5 6.dxc6 Bxf2+ 7.Ke2 bxc6 8.
Qa4 f5 9.Nbd2 O-O 10.Nxe4 fxe4 11.Nxe5 Bb6 12.Nc4 Rf2+ 13.Kd1 d5 14.Nxb6 
Bg4+ 15.Ke1 Rxg2 16.h4 axb6 17.Qxc6 Rg1 18.Bg5 Rxh1 19.Bxd8 Rxd8 20.Kd2 
Rf8 21.Qxd5+ Kh8 22.Qxe4 h5 1-0

[Event "46th Bosna it"]
[Site "Sarajevo BIH"]
[Date "2016.05.30"]
[Round "4.50"]
[White "Fejzic, Edo"]
[Black "Sabic, Muris"]
[Result "0-1"]
[WhiteElo "1696"]
[BlackElo "1971"]
[EventDate "2016.05.28"]
[PlyCount "54"]

1.e4 c5 2.Nf3 d6 3.d4 cxd4 4.Nxd4 Nf6 5.Nc3 a6 6.a4 e5 7.Nf3 Be7 8.Bc4 Be6
9.Bxe6 fxe6 10.O-O Qd7 11.b3 Nc6 12.Ba3 Rd8 13.Re1 O-O 14.Qd2 d5 15.Bxe7 
Qxe7 16.Qg5 d4 17.Na2 Qd6 18.Rad1 Nd7 19.Re2 Rf6 20.Nc1 Rdf8 21.Nd3 Rg6 
22.Qh5 Rh6 23.Qg5 Rxf3 24.Kh1 Rf8 25.Rf1 Qe7 26.Qg3 Qh4 27.Qxh4 Rxh4 0-1

[Event "46th Bosna it"]
[Site "Sarajevo BIH"]
[Date "2016.05.30"]
[Round "4.51"]
[White "Cunjalo, Faris"]
[Black "Krug, Franz-Dieter"]
[Result "1-0"]
[WhiteElo "1966"]
[BlackElo "1680"]
[EventDate "2016.05.28"]
[PlyCount "101"]

1.d4 d5 2.c4 Nf6 3.Nc3 c6 4.cxd5 Nxd5 5.e4 Nb6 6.Be3 e6 7.Nf3 Be7 8.a4 a5 
9.Bd3 Na6 10.O-O Nb4 11.Bb1 Nc4 12.Bc1 Bd7 13.Qe2 b5 14.b3 Nd6 15.e5 Nb7 
16.axb5 Nd5 17.Nxd5 cxd5 18.g3 Qb6 19.Bd3 Bb4 20.Be3 h6 21.Nh4 Rc8 22.Rac1
O-O 23.f4 Rc3 24.Rxc3 Bxc3 25.Nf3 Rc8 26.Rc1 Qa7 27.Bb1 a4 28.bxa4 Qxa4 
29.Qd3 Qxb5 30.Qxb5 Bxb5 31.Bd2 Bxd4+ 32.Nxd4 Rxc1+ 33.Bxc1 Bc4 34.Kf2 Na5
35.Bd2 Nb3 36.Nxb3 Bxb3 37.Ke3 Kf8 38.Bd3 Ba4 39.Kd4 Ke8 40.Bb4 g6 41.Bd6 
h5 42.Kc5 Kd7 43.Bb5+ Bxb5 44.Kxb5 f6 45.Kc5 fxe5 46.fxe5 Ke8 47.Kc6 g5 
48.h3 g4 49.h4 Kd8 50.Bc5 Ke8 51.Kd6 1-0

[Event "46th Bosna it"]
[Site "Sarajevo BIH"]
[Date "2016.05.30"]
[Round "4.52"]
[White "Yavic, Adnan"]
[Black "Selimovic, Amir"]
[Result "0-1"]
[WhiteElo "1696"]
[BlackElo "1944"]
[EventDate "2016.05.28"]
[PlyCount "78"]

1.e4 c5 2.Nf3 d6 3.c3 Nf6 4.Na3 Nc6 5.d3 g6 6.Be3 Bg7 7.Qd2 Ng4 8.Be2 Nxe3
9.fxe3 O-O 10.O-O a6 11.Rf2 e6 12.Raf1 d5 13.exd5 exd5 14.d4 c4 15.e4 dxe4
16.Ng5 Bh6 17.h4 Bxg5 18.hxg5 b5 19.Rf6 Qd7 20.Nc2 Nd8 21.R1f4 Qd5 22.Ne3 
Qxg5 23.d5 Qe5 24.Bg4 Bxg4 25.Nxg4 e3 26.Nxe3 Re8 27.Rf3 Ra7 28.d6 Rd7 29.
Ng4 Qe1+ 30.Qxe1 Rxe1+ 31.Kh2 Kg7 32.R6f4 f5 33.Ne3 Rxd6 34.Rg3 Kh8 35.Nc2
Re5 36.Nd4 Ne6 37.Nf3 Nxf4 38.Nxe5 Rd2 39.b3 cxb3 0-1

[Event "46th Bosna it"]
[Site "Sarajevo BIH"]
[Date "2016.05.30"]
[Round "4.57"]
[White "Urh, Zala"]
[Black "Lipovcic, Marko"]
[Result "1-0"]
[WhiteElo "1860"]
[BlackElo "1281"]
[EventDate "2016.05.28"]
[PlyCount "47"]

1.d4 d5 2.c4 c6 3.Nc3 Nf6 4.Nf3 e6 5.Bg5 Nbd7 6.e3 Be7 7.Rc1 O-O 8.Bd3 b6 
9.cxd5 cxd5 10.O-O Bb7 11.h3 Rc8 12.Qa4 a5 13.Bb5 h6 14.Bf4 Nb8 15.Ne5 Bd6
16.Rfd1 Nh5 17.Bh2 Rc7 18.Qb3 Rc8 19.Na4 Bc7 20.Rc2 Qd6 21.Rdc1 f6 22.Nf3 
e5 23.dxe5 Qe6 24.Rxc7 1-0

[Event "46th Bosna it"]
[Site "Sarajevo BIH"]
[Date "2016.05.30"]
[Round "4.59"]
[White "Nikolovska, Dragana"]
[Black "Johnen, Franz"]
[Result "1/2-1/2"]
[WhiteElo "1875"]
[BlackElo "1693"]
[EventDate "2016.05.28"]
[PlyCount "92"]

1.e4 e5 2.Nf3 d6 3.d4 exd4 4.Nxd4 Nf6 5.Nc3 Be7 6.g3 O-O 7.Bg2 c6 8.O-O 
Nbd7 9.Nf5 Ne5 10.Nxe7+ Qxe7 11.h3 h6 12.b3 b6 13.Ba3 Rd8 14.f4 Ng6 15.e5 
Ne8 16.Ne4 Ba6 17.Re1 Rac8 18.Nxd6 Nxd6 19.Bxd6 Qd7 20.Qf3 Ne7 21.Rad1 Qe6
22.Rd2 Nf5 23.Red1 c5 24.c3 Rd7 25.Qf2 Bb7 26.Bxb7 Rxb7 27.g4 Nxd6 28.Rxd6
Qe8 29.R1d5 Re7 30.Qd2 Qb5 31.c4 Qa6 32.f5 Qb7 33.e6 fxe6 34.fxe6 Rce8 35.
Qf4 Qc7 36.Qe4 Rf8 37.Kg2 Qc8 38.Rd7 Rfe8 39.Qe5 Qc6 40.Kg3 Qxe6 41.Qxe6+ 
Rxe6 42.Rxa7 Re3+ 43.Kf4 R8e4+ 44.Kf5 Re6 45.g5 hxg5 46.Kxg5 Rxh3 1/2-1/2

[Event "46th Bosna it"]
[Site "Sarajevo BIH"]
[Date "2016.05.30"]
[Round "4.62"]
[White "Peric, Pero"]
[Black "Tutic, Amina"]
[Result "1-0"]
[WhiteElo "1746"]
[BlackElo "1511"]
[EventDate "2016.05.28"]
[PlyCount "45"]

1.e4 c5 2.Nf3 e6 3.b3 Nf6 4.d3 d6 5.c4 a6 6.a4 b6 7.Nc3 Nbd7 8.Be2 Be7 9.
O-O O-O 10.h3 Bb7 11.Nh2 Bc6 12.f4 d5 13.e5 Ne8 14.Bf3 Nc7 15.Ng4 Qb8 16.
Ne2 Qb7 17.Ng3 b5 18.f5 Bh4 19.f6 Nxe5 20.fxg7 Rfd8 21.Nh5 Nxf3+ 22.Qxf3 
Rd7 23.Nh6# 1-0

[Event "46th Bosna it"]
[Site "Sarajevo BIH"]
[Date "2016.05.30"]
[Round "4.63"]
[White "Sabanagic, Mirza"]
[Black "Sinik, Yagmur"]
[Result "1/2-1/2"]
[WhiteElo "1612"]
[BlackElo "1394"]
[EventDate "2016.05.28"]
[PlyCount "51"]

1.d4 d5 2.c4 c6 3.Nc3 Nf6 4.Nf3 e6 5.Bg5 Be7 6.e3 Nbd7 7.Bd3 h6 8.Bh4 O-O 
9.O-O dxc4 10.Bxc4 b5 11.Bd3 Bb7 12.Rc1 a6 13.Re1 Rc8 14.h3 c5 15.Bg3 Qb6 
16.Be2 Rfd8 17.Bf1 Nb8 18.Qe2 Nc6 19.dxc5 Bxc5 20.Red1 Bb4 21.a3 Bxc3 22.
Rxc3 Ne4 23.Rcc1 Nxg3 24.fxg3 Rxd1 25.Rxd1 Rd8 26.Kf2 1/2-1/2

[Event "46th Bosna it"]
[Site "Sarajevo BIH"]
[Date "2016.05.30"]
[Round "4.64"]
[White "Grgic, Anto"]
[Black "Kocanovic, Armin"]
[Result "0-1"]
[WhiteElo "1404"]
[BlackElo "1592"]
[EventDate "2016.05.28"]
[PlyCount "82"]

1.e4 e6 2.d4 d5 3.e5 c5 4.c3 Nc6 5.Nf3 Qb6 6.Be2 cxd4 7.cxd4 Nge7 8.O-O 
Nf5 9.Qa4 Nxd4 10.Nxd4 Qxd4 11.Qxd4 Nxd4 12.Bd3 Bd7 13.Nc3 Rc8 14.Be3 Nc6 
15.Bf4 Bc5 16.Nb5 O-O 17.Nd6 Bxd6 18.exd6 e5 19.Bd2 a6 20.b4 Nd4 21.Rfc1 
Rc6 22.Rxc6 Nxc6 23.f3 Be6 24.b5 axb5 25.Bxb5 Nd4 26.Bd3 Rd8 27.Bb4 Bf5 
28.Bxf5 Nxf5 29.Rc1 f6 30.Rc5 d4 31.g3 Nxd6 32.h4 Rc8 33.Kf2 Rxc5 34.Bxc5 
Nc4 35.Ke2 Kf7 36.h5 g6 37.h6 Ke6 38.Bb4 f5 39.g4 e4 40.f4 Kd5 41.Be1 d3+ 
0-1

[Event "46th Bosna it"]
[Site "Sarajevo BIH"]
[Date "2016.05.31"]
[Round "5.13"]
[White "Hodzic, Nihad"]
[Black "Burovic, Ismet"]
[Result "1-0"]
[WhiteElo "2215"]
[BlackElo "2377"]
[EventDate "2016.05.28"]
[PlyCount "137"]

1.d4 d6 2.Nf3 g6 3.c4 Bg7 4.Nc3 e5 5.e4 Nc6 6.Bg5 Bf6 7.Bxf6 Nxf6 8.d5 Nb8
9.Be2 Nh5 10.g3 Bh3 11.Nxe5 Nf6 12.Ng4 Nbd7 13.Ne3 Qe7 14.f3 h5 15.Qd4 Qe5
16.Qd2 a6 17.Rc1 Nf8 18.Ncd1 b6 19.Nf2 Bc8 20.Nd3 Qe7 21.h4 N8d7 22.b4 O-O
23.O-O a5 24.b5 Nh7 25.Rfe1 Bb7 26.Bf1 Rae8 27.Bg2 Qd8 28.Nf2 Bc8 29.Bh3 
Ne5 30.Kg2 f5 31.f4 Ng4 32.Bxg4 hxg4 33.Nc2 fxe4 34.Nxe4 Bf5 35.Nf2 Nf6 
36.Nd4 Qd7 37.Rxe8 Rxe8 38.Re1 Rxe1 39.Qxe1 Kf7 40.Qe3 Qc8 41.Kh2 Qd7 42.
Nc6 Kf8 43.Qd4 Qg7 44.Nd1 Ne4 45.Ne3 Qxd4 46.Nxd4 Bd7 47.Ne6+ Ke7 48.Nxc7 
Nc3 49.Na8 Na4 50.Kg2 Kd8 51.Kf2 Kc8 52.f5 gxf5 53.h5 Be8 54.h6 Bg6 55.Ng2
Kb7 56.Nf4 Bh7 57.Nh5 Nc3 58.Ke3 Ne4 59.Nxb6 Kxb6 60.Kd4 Ng5 61.Nf6 Bg6 
62.Nd7+ Kc7 63.Nf8 f4 64.gxf4 g3 65.Ke3 g2 66.Kf2 g1=Q+ 67.Kxg1 Nh3+ 68.
Kh2 Nxf4 69.Ne6+ 1-0

[Event "46th Bosna it"]
[Site "Sarajevo BIH"]
[Date "2016.05.31"]
[Round "5.15"]
[White "Tica, Sven"]
[Black "Burovic, Rijad"]
[Result "1/2-1/2"]
[WhiteElo "2188"]
[BlackElo "2347"]
[EventDate "2016.05.28"]
[PlyCount "119"]

1.d4 g6 2.g3 Bg7 3.Bg2 d6 4.Nf3 f5 5.h4 Nf6 6.c4 c6 7.Nc3 O-O 8.O-O Na6 9.
b3 Nc7 10.Bb2 Kh8 11.e3 Be6 12.Qd3 Rb8 13.Rac1 b5 14.cxb5 cxb5 15.d5 b4 
16.dxe6 bxc3 17.Qxc3 Nxe6 18.Qc4 Qd7 19.Ng5 Nxg5 20.hxg5 Ne8 21.Bxg7+ Nxg7
22.Qc7 Rfd8 23.Rfd1 Ne6 24.Qc3+ Ng7 25.Qc7 Ne6 26.Qc3+ Ng7 27.Qa5 Rdc8 28.
f4 e6 29.Bf1 d5 30.Ba6 Rxc1 31.Rxc1 e5 32.Qc7 Qe8 33.Qxa7 exf4 34.gxf4 Rd8
35.Rc7 d4 36.Re7 Qc6 37.Qc7 Qxc7 38.Rxc7 dxe3 39.Rc8 Rxc8 40.Bxc8 Nh5 41.
a4 Nxf4 42.a5 Nd3 43.Kf1 f4 44.Bb7 Nb4 45.a6 f3 46.Bxf3 Nxa6 47.Ke2 h6 48.
gxh6 Kh7 49.Kxe3 Kxh6 50.Kd4 Kg5 51.Bb7 Nb4 52.Kc4 Na2 53.Be4 Kf6 54.Bb1 
Nc1 55.b4 Ke7 56.Bxg6 Ne2 57.Kc5 Nc3 58.Bd3 Kd8 59.b5 Nxb5 60.Bxb5 1/2-1/2

[Event "46th Bosna it"]
[Site "Sarajevo BIH"]
[Date "2016.05.31"]
[Round "5.16"]
[White "Lekic, Dusan"]
[Black "Mrndjic, Armin"]
[Result "1-0"]
[WhiteElo "2345"]
[BlackElo "2112"]
[EventDate "2016.05.28"]
[PlyCount "43"]

1.d4 d5 2.c4 e6 3.Nf3 Nf6 4.g3 Nbd7 5.Bg2 c6 6.Qc2 Bb4+ 7.Nbd2 O-O 8.O-O 
Qe7 9.e4 dxe4 10.Nxe4 e5 11.a3 Nxe4 12.axb4 f5 13.Nxe5 Nxe5 14.dxe5 Qxe5 
15.Re1 Qf6 16.Be3 a6 17.Rad1 Be6 18.f3 Qf7 19.fxe4 Bxc4 20.Rd4 Bb3 21.Qd3 
fxe4 22.Bxe4 1-0

[Event "46th Bosna it"]
[Site "Sarajevo BIH"]
[Date "2016.05.31"]
[Round "5.17"]
[White "Grynszpan, Mariano"]
[Black "Petrovic, Marija"]
[Result "1-0"]
[WhiteElo "2400"]
[BlackElo "2055"]
[EventDate "2016.05.28"]
[PlyCount "133"]

1.d4 d5 2.Nf3 c6 3.e3 Bf5 4.c4 e6 5.Nc3 Nd7 6.Bd3 Bg6 7.O-O Ngf6 8.Re1 Ne4
9.Qc2 f5 10.Nd2 Bd6 11.Nf1 Qh4 12.g3 Qe7 13.f3 Ng5 14.Qg2 Nf6 15.cxd5 Nxd5
16.h4 Nf7 17.e4 fxe4 18.Bxe4 Nxc3 19.bxc3 Bxe4 20.Rxe4 O-O 21.Bd2 Qf6 22.
Rae1 e5 23.Nh2 exd4 24.Ng4 Qf5 25.cxd4 Qd5 26.Bc3 Rad8 27.f4 a5 28.R1e2 
Bb4 29.Ba1 Nd6 30.Re7 Rf7 31.R7e5 Qxg2+ 32.Kxg2 Rfd7 33.d5 cxd5 34.Rxd5 
Nc4 35.Rg5 Kf8 36.h5 h6 37.Rg6 Rf7 38.f5 Rd2 39.Rxd2 Bxd2 40.f6 gxf6 41.
Nxh6 Bxh6 42.Rxh6 Ne3+ 43.Kf3 Nd5 44.Ke4 Rd7 45.Bxf6 Nxf6+ 46.Rxf6+ Kg7 
47.Rb6 Rd2 48.Kf5 Rd5+ 49.Kg4 Rd4+ 50.Kg5 Rd5+ 51.Kh4 Rd7 52.Rb5 Rd4+ 53.
g4 Ra4 54.Rxb7+ Kg8 55.Rb2 Kg7 56.Kg5 Rc4 57.Rb7+ Kg8 58.Rb2 a4 59.h6 Rc5+
60.Kg6 Rc6+ 61.Kh5 Ra6 62.g5 a3 63.Rb5 Ra8 64.g6 Kh8 65.Kg5 Kg8 66.h7+ Kh8
67.Kh6 1-0

[Event "46th Bosna it"]
[Site "Sarajevo BIH"]
[Date "2016.05.31"]
[Round "5.18"]
[White "Jakovljevic, Vlado"]
[Black "Kolaric, Spela"]
[Result "1/2-1/2"]
[WhiteElo "2395"]
[BlackElo "2116"]
[EventDate "2016.05.28"]
[PlyCount "99"]

1.Nf3 Nf6 2.c4 e6 3.Nc3 d5 4.d4 Be7 5.Bg5 h6 6.Bh4 O-O 7.e3 b6 8.Be2 Bb7 
9.Bxf6 Bxf6 10.cxd5 exd5 11.b4 c6 12.O-O Re8 13.Qb3 a5 14.bxa5 Rxa5 15.a4 
Nd7 16.Rfe1 g6 17.Rad1 Bg7 18.e4 Nf8 19.exd5 cxd5 20.Bb5 Rxe1+ 21.Rxe1 Ne6
22.Ne2 Qd6 23.Bd3 Qc6 24.Bb5 Qd6 25.Rc1 Ra8 26.g3 Kh7 27.h4 h5 28.Rc3 Rc8 
29.Rxc8 Bxc8 30.Qe3 Bd7 31.Qb3 Bxb5 32.Qxb5 Bf6 33.Kg2 Kg7 34.Nc3 Nxd4 35.
Qxd5 Nf5 36.Qxd6 Nxd6 37.Nd5 Nc4 38.Kf1 Ba1 39.Ke2 f6 40.Nd2 Nxd2 41.Kxd2 
Bd4 42.Ne3 Kf7 43.Kd3 Bc5 44.Kc4 Ke6 45.Kb5 Kd6 46.Nc4+ Kc7 47.Ne3 Kd6 48.
Nc4+ Kc7 49.Ne3 Kd6 50.Nc4+ 1/2-1/2

[Event "46th Bosna it"]
[Site "Sarajevo BIH"]
[Date "2016.05.31"]
[Round "5.19"]
[White "Nestorovic, Dejan"]
[Black "Banduka, Zeljko"]
[Result "1-0"]
[WhiteElo "2387"]
[BlackElo "2081"]
[EventDate "2016.05.28"]
[PlyCount "45"]

1.d4 d5 2.c4 c6 3.Nf3 e6 4.e3 Nf6 5.Nbd2 Nbd7 6.Bd3 dxc4 7.Nxc4 Be7 8.e4 
b5 9.Ncd2 Bb7 10.O-O O-O 11.e5 Nd5 12.Ne4 h6 13.Qe2 a6 14.Ng3 Nb4 15.Be4 
f5 16.exf6 Nxf6 17.a3 Nbd5 18.Bc2 Qd6 19.Re1 Bc8 20.Qd3 Nf4 21.Bxf4 Qxf4 
22.Ne5 Re8 23.Qg6 1-0

[Event "46th Bosna it"]
[Site "Sarajevo BIH"]
[Date "2016.05.31"]
[Round "5.20"]
[White "Maksimovic, Bojan"]
[Black "Trkulja, Goran"]
[Result "0-1"]
[WhiteElo "2161"]
[BlackElo "2320"]
[EventDate "2016.05.28"]
[PlyCount "68"]

1.e4 c5 2.Nf3 Nc6 3.d4 cxd4 4.Nxd4 g6 5.Nc3 Bg7 6.Be3 Nf6 7.Bc4 O-O 8.Bb3 
Ng4 9.Qxg4 Nxd4 10.Qd1 Nc6 11.Qd2 d6 12.O-O-O Be6 13.Nd5 a5 14.a3 b5 15.
Kb1 a4 16.Ba2 b4 17.Nxb4 Nxb4 18.Bxe6 fxe6 19.axb4 a3 20.Bd4 Bxd4 21.Qxd4 
Qc8 22.c3 axb2 23.Kxb2 Qa6 24.Ra1 Qe2+ 25.Kb3 Rxa1 26.Rxa1 Rxf2 27.Ra8+ 
Kf7 28.Qh8 Qc2+ 29.Kc4 Qxe4+ 30.Kb5 Qb7+ 31.Ka4 Ra2+ 32.Kb3 Qxa8 33.Qxh7+ 
Ke8 34.Qxg6+ Kd7 0-1

[Event "46th Bosna it"]
[Site "Sarajevo BIH"]
[Date "2016.05.31"]
[Round "5.21"]
[White "Sutkovic, Damir"]
[Black "Alihodzic, Muzafer"]
[Result "1-0"]
[WhiteElo "2316"]
[BlackElo "2094"]
[EventDate "2016.05.28"]
[PlyCount "83"]

1.d4 f5 2.g3 Nf6 3.Bg2 g6 4.Nf3 Bg7 5.O-O O-O 6.c4 c6 7.Nc3 d6 8.d5 Bd7 9.
Re1 e5 10.dxe6 Bxe6 11.b3 Ne4 12.Nxe4 fxe4 13.Nd4 Bf7 14.Bxe4 d5 15.cxd5 
c5 16.Ne6 Bxe6 17.dxe6 Qxd1 18.Rxd1 Bxa1 19.Bh6 Bg7 20.Bxg7 Kxg7 21.Bxb7 
Na6 22.e7 Rf7 23.Bxa8 Rxe7 24.Kf1 Nb4 25.Rd2 a5 26.a3 Na6 27.Rd6 Nc7 28.
Bd5 Nb5 29.Rc6 Rc7 30.Rxc7+ Nxc7 31.Bc4 g5 32.f4 Kf6 33.e4 h6 34.Kf2 Na8 
35.a4 Nb6 36.Kf3 Nc8 37.e5+ Kg6 38.Bd3+ Kf7 39.f5 Ne7 40.Ke4 h5 41.Bc4+ 
Kf8 42.f6 1-0

[Event "46th Bosna it"]
[Site "Sarajevo BIH"]
[Date "2016.05.31"]
[Round "5.22"]
[White "Zlobec, Srdjan"]
[Black "Vea, Odin Blikra"]
[Result "1-0"]
[WhiteElo "2062"]
[BlackElo "2288"]
[EventDate "2016.05.28"]
[PlyCount "105"]

1.d4 c5 2.e3 Nf6 3.Nf3 g6 4.b3 cxd4 5.exd4 d5 6.Bb2 Bg7 7.Bd3 Nc6 8.a3 O-O
9.O-O Bg4 10.Nbd2 e6 11.h3 Bf5 12.Qe2 Rc8 13.Ne5 Nxe5 14.dxe5 Nd7 15.Bxf5 
gxf5 16.c4 dxc4 17.Nxc4 Nc5 18.Rad1 Qh4 19.Nd6 Rc6 20.Rd4 Qh6 21.b4 Nd7 
22.Nxf5 exf5 23.Rxd7 Qe6 24.Rfd1 f4 25.Rd8 Qb3 26.Rxf8+ Bxf8 27.Rd3 Qa2 
28.Rd2 Qb3 29.Qe4 Rg6 30.Kh2 a5 31.Qd4 Qe6 32.Qxf4 axb4 33.axb4 Be7 34.Qf3
b6 35.b5 h6 36.Qe4 Qb3 37.Qd3 Qa4 38.Bd4 Qa8 39.f4 Bh4 40.g4 Qa4 41.f5 Rg7
42.Be3 Bg5 43.f6 Rg6 44.Bxg5 hxg5 45.Re2 Qf4+ 46.Qg3 Qc4 47.Qe3 Kh8 48.e6 
fxe6 49.Qxe6 Qc7+ 50.Kg2 Qb7+ 51.Qc6 Qxc6+ 52.bxc6 Rg8 53.f7 1-0